000 00514nam a2200181Ia 4500
005 20250326124031.0
008 250326s9999 xx 000 0 und d
037 _aTextbook
040 _aFMSL
_beng
_cFMSL
041 _aeng
_2eng
084 _aXogB L2
_qFMSL
100 _aMorishima M
_9128896
245 0 _aWorking of econometric models
_cMorishima M; Murata Y And Others
260 _aNY
_bNY, Cambridge University
_c1972
300 _a339p
942 _cTB
_hXogB L2
999 _c1271977
_d1271977